| 000 | 00425nam a22001817a 4500 | ||
|---|---|---|---|
| 999 |
_c11308 _d11308 |
||
| 003 | OSt | ||
| 008 | 220610b ||||| |||| 00| 0 eng d | ||
| 020 | _a9788194752868 | ||
| 082 | _a172.4 SHH | ||
| 100 | _aSHARMA, M.L. | ||
| 245 | _aHuman Values and Professional Ethics | ||
| 250 | _a1st | ||
| 260 |
_aDelhi _bKhanna Publishers _c2021 |
||
| 300 | _a325 | ||
| 650 | _aCSE | ||
| 700 | _aSHARMA, Neelam | ||
| 942 |
_2ddc _cBK |
||